Statistics for FNaF 1 and ghosts of children

Click here to take the quiz!

General Stats

  • This quiz has been taken 196 times
  • The average score is 10 of 12

Answer Stats

Hint:Answer:% Correct
GuitaristBonnie
98%
Backup-singerChica
98%
Leader/singingFreddy
98%
GoldGolden Freddy
98%
Out of orderFoxy
97%
Man behind the slaughterWilliam Afton
94%
Human soul of ChicaSusie
89%
Human soul of FozyFritz
87%
Human soul of BonnieJeremy
87%
Human soul of FeddyGabriel
86%
Talks to you every nightPhone guy
83%
Human soul of Golden FreddyCharlie
21%

Score Distribution

Percentile by Number Answered

Percent of People with Each Score

Your Score History

You have not taken this quiz